000 01129nam0a2200337 4500
001 RU\NLR\bibl\1252089
005 20250615124129.0
010 _a978-5-17-049465-1
_bАСТ
010 _a978-5-9713-7476-3
_bАСТ МОСКВА
010 _a978-5-226-00276-2
_bВКТ
010 _a978-5-17-050199-1
_bАСТ
010 _a978-5-9713-7477-0
_bАСТ МОСКВА
010 _a978-5-226-00277-9
_bВКТ
_910000
021 _aRU
_b2008-39519
_92178
035 _a(NLR Aleph) 001238167
090 _a241674
_c241674
100 _a20080711d2008 |||y0rusy50 ca
101 1 _arus
_ceng
102 _aRU
105 _ay |||||||||
200 1 _aРыжий ангел
_eроман
_fДжудит Айвори
_g[пер. с англ. Н.Н. Аниськовой]
210 _aМосква
_cАСТ
_cАСТ Москва
_aВладимир
_cВКТ
_d2008
215 _a318, [1] с.
_d21
225 1 _aШарм
686 _aШ6(7США)67-440.4{Лх1979-50}
700 1 _aАйвори
_bДж.
_gДжудит
_4070
801 0 _aRU
_bNLR
_c20080711
_gRCR
801 1 _aRU
_bNLR
_c20080711
942 _cBOOK
980 _aNB